Los fichajes más caros de la historia del fútbol - Estadísticas

Estadísticas generales
  • Esta prueba ha sido intentada 10.635 veces
    10.620 desde el último reinicio
  • La puntuación promedio es 24 de 30
Estadísticas de respuestas
Coste (M €) Temporada Nacionalidad Club anterior Nuevo club Jugador % Correcto
222,00 2017-2018 Brasil FC Barcelona PSG Neymar
99%
90,00 2023-2024 Brasil PSG Al-Hilal Neymar
99%
88,00 2013-2014 Brasil Santos FC Barcelona Neymar
99%
180,00 2018-2019 Francia Mónaco PSG Kylian Mbappé
98%
117,00 2018-2019 Portugal Real Madrid Juventus Cristiano Ronaldo
96%
94,00 2009-2010 Portugal Manchester United Real Madrid Cristiano Ronaldo
96%
148,00 2017-2018 Francia Borussia Dortmund FC Barcelona Ousmane Dembélé
88%
120,00 2019-2020 Francia Atlético Madrid FC Barcelona Antoine Griezmann
87%
101,00 2013-2014 Gales Tottenham Real Madrid Gareth Bale
87%
127,20 2019-2020 Portugal Benfica Atlético Madrid João Félix
87%
135,00 2017-2018 Brasil Liverpool FC Barcelona Philippe Coutinho
87%
127,00 2023-2024 Inglaterra Borussia Dortmund Real Madrid Jude Bellingham
86%
120,80 2019-2020 Bélgica Chelsea Real Madrid Eden Hazard
85%
121,00 2022-2023 Argentina Benfica Chelsea Enzo Fernández
82%
86,00 2019-2020 Países Bajos Ajax FC Barcelona Frenkie de Jong
81%
95,00 2023-2024 Inglaterra Tottenham Bayern Múnich Harry Kane
81%
145,00 2025-2026 Suecia Newcastle United Liverpool Alexander Isak
79%
113,00 2021-2022 Bélgica Inter Chelsea Romelu Lukaku
77%
117,50 2021-2022 Inglaterra Aston Villa Manchester City Jack Grealish
76%
105,00 2016-2017 Francia Juventus Manchester United Paul Pogba
76%
95,00 2022-2023 Brasil Ajax Manchester United Antony
72%
116,00 2023-2024 Ecuador Brighton Chelsea Moisés Caicedo
72%
125,00 2025-2026 Alemania Bayer Leverkusen Liverpool Florian Wirtz
71%
116,60 2023-2024 Inglaterra West Ham Arsenal Declan Rice
70%
90,00 2023-2024 Croacia RB Leipzig Manchester City Josko Gvardiol
70%
100,00 2020-2021 Alemania Bayer Leverkusen Chelsea Kai Havertz
70%
95,00 2025-2026 Francia Eintracht Fráncfort Liverpool Hugo Ekitike
68%
90,00 2016-2017 Argentina Nápoles Juventus Gonzalo Higuaín
65%
87,00 2019-2020 Inglaterra Leicester City Manchester United Harry Maguire
60%
95,00 2023-2024 Francia Eintracht PSG Randal Kolo Muani
57%
No se encontraron pruebas coincidentes
Distribución de puntuación
Porcentaje de gente con cada puntuación
Porcentaje por número respondido
Historial de tus puntuaciones
No has intentado esta prueba desde el último reinicio